Súpis slovenskej literatúry pre mládež

Bibliographic Details
Format: Article
Language:Slovak
Subjects:

MARC

LEADER 00000nab a2200000 a 4500
001 vtls009161521
003 SK-MaSNL
005 20260304181249.0
008 250507c1933 xo |r|p||||||||00 b|slo
015 |a SNBRB2007/11  |2 snkbucl 
035 |a (uuid)7824567a-578b-4d1a-b882-044f4479c6a0 
035 |a urn:nbn:sk:snk-ab1dk9 
035 |a (urnnbn)urn:nbn:sk:snk:ar-004vj8 
038 |a SNKBUCL 
040 |a SNKBUCL  |b slo  |c SNKBUCL  |e AACR2 
041 0 |a slo 
044 |a xo  |c SK 
080 |a 821.162.4-93:01  |2 2001 
080 |a 01:821.162.4-93  |2 2001 
245 0 0 |a Súpis slovenskej literatúry pre mládež  |c [autor] H. B. 
500 |a Bibliografický súpis vyšiel v r.1932 v nakladateľstve U nás 
600 1 7 |a Štefánik, Ján,  |d 1901-1987  |t Súpis literatúry pre mládež  |2 snkbucl  |9 1511352 
650 0 7 |a slovenská literatúra pre deti a mládež  |2 snkbucl  |9 88366 
650 0 7 |a literatúra pre deti a mládež  |2 snkbucl  |9 21893 
650 0 7 |a slovenská literatúra  |2 snkbucl  |9 1115 
655 7 |a bibliografie  |2 snkbucl  |9 28668 
773 0 |t Slovenská reč  |g Roč. I, č. 8 (1932/1933), s. 191-192 
850 |a Slovenská národná knižnica 
852 |a Slovenská národná knižnica 
954 |a odborná, vedecká literatúra pôvodná (slovenská)  |2 lita 
958 |a article27 
958 |a KL 
958 |a OND 
958 |a EUIPO 
999 |c 3022839  |d 3024769